000 00874nam a2200253Ia 4500
003 OSt
005 20220923211337.0
006 a|||||r|||| 00| 0
007 ta
008 Pun
020 _a9788182993563 (hbk)
_c325
024 _a290,362
037 _b1012, 24/02/2016, H.K. Prakashan
_cTextual
040 _aARTS
_cARTS
_bPun
041 _2Pun
_aPun
082 _aNR(Q84410cDelta73), 153Q6
100 _aਸਿੰਘ, ਵਾਣੀ
245 0 _aਗੁਰਮਤਿ ਤੇ ਸੂਖ਼ੀ ਸੰਗੀਤ
_b ਤੁਲਨਾਤਮਕ ਅਧਿਐਨ
260 _aਦਿੱਲੀ
_b ਆਰਸੀ ਪਬਲਿFਰਗ਼
_c2016
300 _a215ਪੰ
_ccm.
650 _aਵਧੀਆ ਕਲਾ
_9156314
942 _hNR(Q84410cDelta73), 153Q6
_cTEXL
_2CC
999 _c298644
_d298644